| 000 | 00577nam a22002177a 4500 | ||
|---|---|---|---|
| 003 | OSt | ||
| 005 | 20140310183033.0 | ||
| 008 | 130219t xxu||||| |||| 00| 0 eng d | ||
| 020 | _a9715540775 | ||
| 050 |
_aQA551 _b.C728 2009 |
||
| 082 |
_aFIL 516.3 _bC73 2009 |
||
| 245 |
_aAnalytic Geometry Made Easy _cComandante, Felipe L. |
||
| 260 |
_aMandaluyong City _bNational Book Store _c2009 |
||
| 300 |
_a318 p. _bill. _c23 cm. |
||
| 521 | _acollege students | ||
| 526 | _c1210L-1700L | ||
| 541 | _j1 | ||
| 541 | _j2 | ||
| 562 | _e2 | ||
| 942 |
_2lcc _cBK _kFIL |
||
| 999 |
_c18459 _d18459 |
||